000 00652nam a2200229Ia 4500
003 OSt
005 20220923230039.0
006 a|||||r|||| 00| 0
007 ta
008 Pun
024 _a276,989
037 _cTextual
040 _aARTS
_cARTS
_bPun
041 _2Pun
_aPun
082 _aO153,3N17,AN, M2
100 _aਦੁੱਗਲ, ਕਰਤਾਰ ਸਿੰਘ
_9156274
245 0 _aਅੱਮੀ੍ਵ ਨੂੰ ਕੀ ਹੋ ਗਿਔ
260 _c1982
650 _aਪੰਜਾਬੀ ਸਾਹਿਤ
942 _hO153,3N17,AN, M2
_cTEXL
_2CC
999 _c382113
_d382113